How to predict stock prices for profit

Showing how to chart the "smoothed earnings" by "exponential smoothing" wich gives the best basic for prediction.

Uloženo v:
Podrobná bibliografie
Hlavní autor: Watson, Mason
Médium: Kniha
Jazyk:Undetermined
Vydáno: New York Exposition Press 1972
Témata:
Tagy: Přidat tag
Žádné tagy, Buďte první, kdo otaguje tento záznam!
Thư viện lưu trữ: Trung tâm Học liệu Trường Đại học Cần Thơ
LEADER 00653nam a2200193Ia 4500
001 CTU_186410
008 210402s9999 xx 000 0 und d
082 |a 332.63228 
082 |b W341 
100 |a Watson, Mason 
245 0 |a How to predict stock prices for profit 
245 0 |c Mason Watson 
260 |a New York 
260 |b Exposition Press 
260 |c 1972 
520 |a Showing how to chart the "smoothed earnings" by "exponential smoothing" wich gives the best basic for prediction. 
650 |a Stock price forecasting,Dự báo giá cổ phiếu 
910 |a Hải 
980 |a Trung tâm Học liệu Trường Đại học Cần Thơ